| 000 | 00438nam a2200181Ia 4500 | ||
|---|---|---|---|
| 005 | 20240823030445.0 | ||
| 008 | 240823s9999||||xx |||||||||||||| ||und|| | ||
| 041 | _aENGLISH | ||
| 082 | _A620.3 Q1 | ||
| 100 | _aSingh V P | ||
| 245 | 0 | _aMechanical Vibrations | |
| 250 | _a4th | ||
| 260 |
_c2011 _b"Dhanpat rai & Sons,New " |
||
| 500 | _aTRANSFERED | ||
| 650 |
_aVibration _bAeronautical Engineering |
||
| 942 | _cBK | ||
| 999 |
_c188749 _d188749 |
||